Marcas/Empresas de Estados Unidos - ¡Muerte súbita! - Estadísticas

Estadísticas generales
  • Esta prueba ha sido intentada 124 veces
  • La puntuación promedio es 8 de 12
Answers on the Grid
Answers color-coded by a green-red scale on the quiz's grid according to % correct below.
McDonald's
Samsung
Walmart
Huawei
Apple
TikTok
Google
Lego
Facebook
H&M
Microsoft
Toyota
Amazon
Mercedes-Benz
Coca-Cola
Nestlé
Tesla
Sony
American Airlines
Kia
Nike
Honda
Disney
Gucci
 
Estadísticas de respuestas
Respuesta % Correcto
Apple
74%
Google
73%
McDonald's
73%
Amazon
71%
Microsoft
71%
Walmart
71%
Coca-Cola
70%
Facebook
69%
American Airlines
68%
Tesla
66%
Disney
65%
Nike
54%
No se encontraron pruebas coincidentes
Distribución de puntuación
Porcentaje de gente con cada puntuación
Porcentaje por número respondido
Historial de tus puntuaciones
No has intentado esta prueba.